000 00246nam a22001217a 4500
008 170630b xxu||||| |||| 00| 0 eng d
041 _aeng
080 _a82
100 _a22
101 _aGJL
245 _aETHICS
_cTHIROUX,J.P
942 _2udc
_cBK
999 _c19728
_d19728